Questions aléatoires de géographie - 20 - Statistiques

Statistiques générales
  • Ce quiz a été pris 85 fois
  • Le résultat moyen est 8 sur 15
Statistiques - réponses
Indice Réponse % Correct
Quelle zone marine d'Amérique du nord est célèbre pour ses disparitions de bateaux ou d'avions ? la triangle des Bermudes
82%
Quel fleuve italien donne son nom à la grande plaine fertile du nord du pays ? le Pô
75%
Quel pays africain a Libreville pour capitale ? le Gabon
74%
Quelle est la fosse océanique la plus profonde ? la fosse des Mariannes
71%
Quelle est la deuxième ville japonaise la plus peuplée ? Osaka
71%
Quelle région historique française a Pau pour capitale ? le Béarn
58%
Quelle grande ville de Syrie a été le théâtre d'une longue bataille entre la république de Syrie et l'état islamique entre 2012 et 2016 ? Alep
54%
Quel archipel comprend des îles américaines, anglaises, hollandaises, espagnoles et françaises ? les Antilles
47%
Quelle île bretonne est la plus occidentale de France métropolitaine ? Ouessant
47%
Quel grand désert chilien a servi de décor pour le film Quantum of Solace avec Daniel Craig ? Atacama
43%
Sur quel drapeau se trouve le chakra d'Ashoka, une roue bleue comportant vingt-quatre rayons ? l Inde
43%
Quel est le nom qu'on donne aux marécages du pays Cajun en Louisiane ? les bayous
39%
Quel détroit sépare la péninsule malaise de l'île de Sumatra ? le détroit de Malacca
29%
Quel golfe ferme la mer Baltique au nord en séparant la Suède de la Finlande ? le golfe de Botnie
21%
Quel barrage chinois dans la région de Hubei fait parti de la plus grande centrale hydroélectrique au monde ? le barrage des Trois-Gorges
17%
Aucun quiz correspondant
Distribution des résultats
% des personnes avec chaque résultat
Percentile par nombre de réponses
Votre historique - résultats
Vous n’avez pas pris ce quiz